Management accounting (Record no. 9593)

MARC details
000 -LEADER
fixed length control field 00495cam a2200205ua 4500
001 - CONTROL NUMBER
control field 10631
005 - DATE AND TIME OF LATEST TRANSACTION
control field 20260515114638.0
008 - FIXED-LENGTH DATA ELEMENTS--GENERAL INFORMATION
fixed length control field 190322n ii |||gr||||Z||||||eng
020 ## - INTERNATIONAL STANDARD BOOK NUMBER
International Standard Book Number 9789327264470
040 ## - CATALOGING SOURCE
Transcribing agency MAIN
082 ## - DEWEY DECIMAL CLASSIFICATION NUMBER
Classification number 658.1511
100 ## - MAIN ENTRY--PERSONAL NAME
Personal name S P Jain,
Relator term Author.
245 ## - TITLE STATEMENT
Title Management accounting
250 ## - EDITION STATEMENT
Edition statement 3rd rev ed.
260 ## - PUBLICATION, DISTRIBUTION, ETC.
Place of publication, distribution, etc. Ludhiana:
Name of publisher, distributor, etc. Kalyani publishers,
Date of publication, distribution, etc. 2016.
300 ## - PHYSICAL DESCRIPTION
Extent 314p.
653 ## - INDEX TERM--UNCONTROLLED
Uncontrolled term General management
700 ## - ADDED ENTRY--PERSONAL NAME
Personal name K L Narang,
Relator term Author.
942 ## - ADDED ENTRY ELEMENTS (KOHA)
Koha item type Books
Holdings
Withdrawn status Lost status Damaged status Not for loan Home library Current library Shelving location Date acquired Total checkouts Full call number Barcode Date last seen Date last checked out Copy number Price effective from Koha item type
        Naharkatiya College Library Naharkatiya College Library General stacks 09/19/2020 32 658.1511Management accounting | JAI 24250 11/21/2023 11/14/2023 1 09/19/2020 Books
        Naharkatiya College Library Naharkatiya College Library General stacks 09/19/2020 25 658.1511Management accounting | JAI 24251 09/09/2024 08/16/2024 2 09/19/2020 Books